000 00663nam a22002057a 4500
003 BUBTL
008 190708b xxu||||| |||| 00| 0 eng d
020 _a984-05-1650-7
082 _a954.92/ B6231c/ 2002
100 _92370
_aBlood, Archer
245 _aThe Cruel Birth of Bangladesh :
_bMemoirs of an American Diplomat /
_cArcher Blood
250 _a1st Edn.
260 _aDhaka:
_bThe University Press Limited,
_cc2002.
300 _axvii, 373 p.:
_c22 cm.
650 0 _91741
_a Liberation -- Bangladesh
650 0 _91755
_aমুক্তিযুদ্ধ
856 _k0
_l0
_yDownload
942 _2ddc
_cBK
999 _c6095
_d6095